000 01078nam a2200301 i 4500
001 000025686
003 DO-SdBNP
005 20240122085530.0
007 ta
008 110221s1998 dr c 001 0 spa d
040 _aDO-SdBNP
_bspa
_cBNPHU
_erda
082 _a384.54092
_bL961m
_222
100 1 _aLuna, Ramón de,
_d1932-
_943842
245 1 0 _aMis cincuenta años en la radio /
_cRamón de Luna ; prólogo Carlos Dobal M.
246 1 _aMis 50 años en la radio /
264 1 _aSanto Domingo :
_bDe Colores,
_c1998.
300 _a217 páginas :
_bilustraciones, retratos ;
_c22 cm.
336 _2rdacontent
_atexto
_btxt
337 _2rdamedia
_asin mediación
_bn
338 _2rdacarrier
_avolumen
_bnc
500 _aIncluye datos biografícos del autor en las solapas.
590 _aInventariado, 2018/VM
650 4 _aLocutores de radio
_xRepública dominicana
_952452
650 4 _aRadiodifusión
_xRepública dominicana
_xRelatos personales
_952453
700 1 _aDobal M., Carlos,
_eprólogo
_952454
910 _aValidado. Control de calidad EMS.
942 _2ddc
_cLBS1
999 _c25178
_d25178